000 01619nam0a2200313 4500
001 RU\NLR\b_ik\136170
005 20260405111323.0
010 _a5-7161-0109-7
_9200
035 _a(NLR Aleph) 002209448
090 _a3149027
_c3149027
100 _a20051019d2003 |||y0rusy50 ca
101 0 _aepo
102 _aRU
105 _aach |||||||||
200 1 _aLa lasta taglibro de l'poeto
_ela eldono, kompilita laǔ arkivaj materialoj de A.P. Logvin-Liljer, estas dedičita al lia 100-jara datreveno
_fA. Logvin
_gprep. de la teksto kaj antaǔparolo de Nikolao Gudskov
210 _aMoskvo
_cREU-Impeto
_d2003
215 _a47, [1] с.
_cил., факс., портр.
_d20
300 _aНа обороте тит.л.: Последний дневник поэта / Александр Порфирьевич Логвин
320 _aСписок соч. авт.: с. 40-47
517 0 _aПоследний дневник поэта
541 0 _aПоследний дневник поэта:Александр Порфирьевич Логвин
_zrus
600 0 1 _aЛогвин
_bА.П.
_f1903 - 1980
_gАлександр Порфирьевич
_92477825
_3RU\NLR\AUTH\661471137
686 1 _aШ5(0)975-4Логвин
700 1 _4070
_8rus
_7ba
_aLogvin
_bA. P.
_f1903-1980
_gAleksandr Porfir'evič
_3RU\NLR\AUTH\7742314
_925259
702 1 _aGudskov
_bN. L.
_f1953-
_gNikolaj L'vovič
_4340
801 0 _aRU
_bNLR
_c20051019
_gPSBO
942 _cBOOK
980 _aNB